Genetic transformation of woody plants using enbryogenic cultures (Record no. 59870)
[ view plain ]
| 000 -LEADER | |
|---|---|
| fixed length control field | 00486nam a2200181Ia 4500 |
| 100 ## - MAIN ENTRY--AUTHOR NAME | |
| Personal name | Suprasanna P |
| 245 #0 - TITLE STATEMENT | |
| Title | Genetic transformation of woody plants using enbryogenic cultures |
| 260 ## - PUBLICATION, DISTRIBUTION, ETC. (IMPRINT) | |
| Name of publisher | Journal of Nee Seeds |
| Year of publication | 2005 |
| 300 ## - PHYSICAL DESCRIPTION | |
| Number of Pages | 17-35 |
| 650 ## - SUBJECT ADDED ENTRY--TOPICAL TERM | |
| Topical Term | Embryogenic culture |
| 650 ## - SUBJECT ADDED ENTRY--TOPICAL TERM | |
| Topical Term | Genetic transformation |
| 650 ## - SUBJECT ADDED ENTRY--TOPICAL TERM | |
| Topical Term | Woody plants |
| 700 ## - ADDED ENTRY--PERSONAL NAME | |
| Personal name | Bapat V A |
| 700 ## - ADDED ENTRY--PERSONAL NAME | |
| Personal name | Ganapathi T R |
| 856 ## - ELECTRONIC LOCATION AND ACCESS | |
| Uniform Resource Identifier | CAB CD |
| 942 ## - ADDED ENTRY ELEMENTS (KOHA) | |
| Koha item type | Journals |
| Withdrawn status | Lost status | Damaged status | Not for loan | Home library | Current library | Shelving location | Date acquired | Serial Enumeration / chronology | Koha item type |
|---|---|---|---|---|---|---|---|---|---|
| Journals | RRII Library | RRII Library | Biotechnology | 01/01/2021 | Volume 7, Issue 2 | Journals |